000 00317nam a22001577a 4500
003 SGT
020 _a9789389347043
082 _a371.1,MOH
100 _aMOHAN, RADHA
245 _aTEACHER EDUCATION
250 _a2ND
260 _aNEW DELHI
_bPHI
_c2023
300 _a298
650 _aEDUCATION
942 _2ddc
_cBK
999 _c26831
_d26831